| 000 | 00370nam a2200133Ia 4500 | ||
|---|---|---|---|
| 005 | 20260326100039.0 | ||
| 008 | 260326s9999||||xx |||||||||||||| ||und|| | ||
| 100 | _aAguaza, María José | ||
| 245 | 0 |
_aGuía de Arquitectura de España 1920 / 2000 / _cMaría José Aguaza |
|
| 260 | _bTanais Ediciones | ||
| 300 | _a400 p. | ||
| 650 | _aARQUITECTURA REGIONAL | ||
| 942 | _cBK | ||
| 999 |
_c6937 _d6937 |
||